Datum a čas kvízu
25
Celkem bodů
Celkový počet nahraných bodů na tomto kvízu bez doplňovacích otázek.
3.
Pořadí na kvízu
Konečné umístění týmu na tomto kvízu.
Zaznamenané odpovědi
| # | Otázka | Odpověď | Body | Výsledky |
|---|---|---|---|---|
| 1. | Omluva od politika se jen tak... | 0 | ||
| 2. | Minulý týden byla v archivu v... | 0 | ||
| 3. | Největší úspěch na předávání E... | 1 | ||
| 4. | Evropské nezávislé konsorcium,... | 0 | ||
| 5. | Šesté utkání pod vedením novéh... | 0 | ||
| 6. | Co ukradli Františku Loukovi n... | 1 | ||
| 7. | Student Plha potká ve filmu Ma... | 0 | ||
| 8. | "Jeho nejtemnější temnosti, kr... | 1 | ||
| 9. | "Tato kašna a vlasy paní sládk... | 0 | ||
| 10. | „Hele, Hanko, já ti musim něco... | 1 |